Podział administracyjny Mongolii - Statystyki

Ogólne statystyki
  • Ten quiz został rozwiązany 4 razy
  • Średni wynik to 1 z 22
Statystyki odpowiedzi
Nazwa jednostki administracyjnej Nazwa % Poprawnych
Miasto wydzielone Ułan Bator
67%
Ajmak wschodni
33%
Ajmak bajanchongorski
0%
Ajmak bajanolgijski
0%
Ajmak bulgański
0%
Ajmak centralny
0%
Ajmak chentejski
0%
Ajmak chubsugulski
0%
Ajmak darchański
0%
Ajmak dzawchański
0%
Ajmak gobijsko-ałtajski
0%
Ajmak gobijsko-sumberski
0%
Ajmak kobdoski
0%
Ajmak orchoński
0%
Ajmak północnochangajski
0%
Ajmak południowochangajski
0%
Ajmak południowogobijski
0%
Ajmak selengijski
0%
Ajmak środkowogobijski
0%
Ajmak suchebatorski
0%
Ajmak uwski
0%
Ajmak wschodniogobijski
0%
Nie znaleziono quizów pasujących do podanych kryteriów
Rozkład punktacji
Procent ludzi z każdym wynikiem
Percentyl według liczby udzielonych odpowiedzi
Twoja historia wyników
Nie rozwiązałeś tego quizu